| 000 | 00435nam a2200157 a 4500 | ||
|---|---|---|---|
| 005 | 20140414132142.0 | ||
| 008 | 140201s19uu xx 00 eng d | ||
| 050 |
_aREF 612 _bAr1 2002 |
||
| 100 | _aArora, Greeta Rani | ||
| 245 |
_aHuman body: _billustrated encyclopedia. |
||
| 260 |
_aUSA : _bPegasus, _cc2002. |
||
| 300 | _a32 | ||
| 650 | _aHuman anatomy-encyclopedia | ||
| 650 |
_aHuman physiology- _xencyclopedia |
||
| 999 |
_c115363 _d115363 |
||